Les 20 préfectures départementales les plus proches de La Rochelle à vol d'oiseau - Statistiques

Statistiques générales
  • Ce quiz a été pris 216 fois
  • Le résultat moyen est 17 sur 20
Statistiques - réponses
Distance (km) Préfecture % Correct
154 Bordeaux (Gironde)
99%
122 Nantes (Loire-Atlantique)
98%
124 Poitiers (Vienne)
95%
116 Angoulême (Charente)
92%
190 Limoges (Haute-Vienne)
92%
56 Niort (Deux-Sèvres)
92%
61 La Roche-sur-Yon (Vendée)
91%
153 Angers (Maine-et-Loire)
90%
196 Tours (Indre-et-Loire)
88%
207 Vannes (Morbihan)
86%
230 Le Mans (Sarthe)
85%
182 Périgueux (Dordogne)
85%
221 Rennes (Ille-et-Vilaine)
85%
248 Tulle (Corrèze)
84%
229 Châteauroux (Indre)
82%
258 Agen (Lot-et-Garonne)
81%
233 Guéret (Creuse)
81%
216 Laval (Mayenne)
81%
257 Mont-de-Marsan (Landes)
80%
247 Blois (Loir-et-Cher)
75%
Aucun quiz correspondant
Distribution des résultats
% des personnes avec chaque résultat
Percentile par nombre de réponses
Votre historique - résultats
Vous n’avez pas pris ce quiz